100 years ISPRS advancing remote sensing science: ISPRS Technical Commission VII symposium; 1910 - 2010 centenary celebration Vienna; Vienna, Austria, July 5 - 7, 2010 / Pt. B Papers accepted on the basis of peer-reviewed abstracts

Saved in:
Bibliographic Details
Corporate Author: International Society for Photogrammetry and Remote Sensing, Commission for Thematic Processing, Modeling and Analysis of Remotely Sensed Data (Editor)
Other Authors: Wagner, Wolfgang (Editor)
Format: Book/Monograph
Language:English
Published: Lemmer GITC 2010
Series:The International Archives of the Photogrammetry, Remote Sensing and Spatial Information Sciences 38,7B
In: 100 years ISPRS advancing remote sensing science ISPRS Technical Commission VII symposium; 1910 - 2010 centenary celebration Vienna; Vienna, Austria, July 5 - 7, 2010

Volumes / Articles: Show Volumes / Articles.
Online Access:Verlag, kostenfrei, Volltext: https://goobi.tib.eu:443/viewer/image/856705152/1
Get full text
Author Notes:eds. W. Wagner ...

MARC

LEADER 00000cam a2200000 cc4500
001 856705152
003 DE-627
005 20251020175325.0
007 cr cu 024upa|a
008 160413s2010 ne |||||o 00| ||eng c
024 7 |a 10.14463/GBV:856705152  |2 doi 
035 |a (DE-627)856705152 
035 |a (DE-576)9856705150 
035 |a (DE-599)GBV856705152 
035 |a (OCoLC)946746545 
040 |a DE-627  |b ger  |c DE-627  |e rda 
041 |a eng 
044 |c XA-NL 
084 |a 61  |2 sdnb 
245 0 0 |a 100 years ISPRS advancing remote sensing science  |b ISPRS Technical Commission VII symposium; 1910 - 2010 centenary celebration Vienna; Vienna, Austria, July 5 - 7, 2010  |n Pt. B  |p Papers accepted on the basis of peer-reviewed abstracts  |c eds. W. Wagner ... 
256 |a Digitalisierungsvorlage: Original 
264 1 |a Lemmer  |b GITC  |c 2010 
300 |a 707 Seiten  |b Illustrationen, Diagramme, Karten 
336 |a Text  |b txt  |2 rdacontent 
337 |a Computermedien  |b c  |2 rdamedia 
338 |a Online-Ressource  |b cr  |2 rdacarrier 
490 1 |a The international archives of the photogrammetry, remote sensing and spatial information sciences  |v 38,7B 
506 0 |q DE-89  |a Open Access  |e Controlled Vocabulary for Access Rights  |u http://purl.org/coar/access_right/c_abf2 
533 |a Online-Ausgabe  |b Hannover  |c Technische Informationsbibliothek (TIB)  |d 2016  |e 1 Online-Ressource  |7 |2016|||||||||| 
535 1 |a Technische Informationsbibliothek (TIB)  |3 ZS 312(38,7B) 
540 |q DE-89  |a Namensnennung 3.0 Deutschland  |f CC BY 3.0 DE  |2 cc  |u https://creativecommons.org/licenses/by/3.0/de/ 
583 1 |a Archivierung/Langzeitarchivierung gewährleistet  |x XA-DE-NI  |2 pdager  |5 DE-89 
700 1 |a Wagner, Wolfgang  |e HerausgeberIn  |0 (DE-588)1266720936  |0 (DE-627)1815446153  |0 (DE-576)134923413  |4 edt 
710 2 |a International Society for Photogrammetry and Remote Sensing  |b Commission for Thematic Processing, Modeling and Analysis of Remotely Sensed Data  |e HerausgeberIn  |0 (DE-588)16094901-4  |0 (DE-627)714799084  |0 (DE-576)33526526X  |4 edt 
773 1 8 |w (DE-627)85670475X  |w (DE-576)9856704758  |g Pt. B  |q B.2010  |7 nnam  |a 100 years ISPRS advancing remote sensing science ISPRS Technical Commission VII symposium; 1910 - 2010 centenary celebration Vienna; Vienna, Austria, July 5 - 7, 2010 
776 0 8 |i Elektronische Reproduktion von  |t 100 years ISPRS advancing remote sensing science ; Pt. B: Papers accepted on the basis of peer-reviewed abstracts  |d Lemmer : GITC, 2010  |h 707 S.  |w (DE-627)82135227X  |w (DE-576)9821352278  |n Technische Informationsbibliothek (TIB) -- ZS 312(38,7B) 
830 4 |a The International Archives of the Photogrammetry, Remote Sensing and Spatial Information Sciences  |v 38,7B  |9 38,7B  |w (DE-627)872241335  |w (DE-576)479616183  |w (DE-600)2874092-0  |x 2194-9034  |7 am 
856 4 0 |u https://goobi.tib.eu:443/viewer/image/856705152/1  |x Verlag  |z kostenfrei  |3 Volltext  |7 0 
951 |a MV 
992 |a 20251008 
999 |a KXP-PPN856705152  |e 4782570457 
BIB |a Y 
SPR |a Y 
JSO |a {"language":["eng"],"title":[{"title":"Papers accepted on the basis of peer-reviewed abstracts"}],"id":{"eki":["856705152"],"doi":["10.14463/GBV:856705152"]},"physDesc":[{"noteIll":"Illustrationen, Diagramme, Karten","extent":"707 Seiten"}],"relMultPart":[{"corporate":[{"role":"edt","display":"International Society for Photogrammetry and Remote Sensing"}],"person":[{"display":"Wagner, Wolfgang","family":"Wagner","role":"edt","given":"Wolfgang"}],"type":{"media":"Online-Ressource","bibl":"edited-book"},"recId":"85670475X","ga":1,"name":{"displayForm":["eds. W. Wagner ..."]},"origin":[{"dateIssuedKey":"2010","dateIssuedDisp":"2010","publisher":"GITC","publisherPlace":"Lemmer"}],"part":{"number":["Pt. B"],"number_sort":["B.2010"]},"language":["eng"],"title":[{"title_sort":"100 years ISPRS advancing remote sensing science","title":"100 years ISPRS advancing remote sensing science","subtitle":"ISPRS Technical Commission VII symposium ; 1910 - 2010 centenary celebration Vienna ; Vienna, Austria, July 5 - 7, 2010"}],"id":{"eki":["85670475X"]}},{"part":{"number_sort":["38,7B"],"number":["38,7B"]},"id":{"issn":["2194-9034"],"eki":["872241335"],"zdb":["2874092-0"]},"language":["eng"],"title":[{"title":"The International Archives of the Photogrammetry, Remote Sensing and Spatial Information Sciences","title_sort":"International Archives of the Photogrammetry, Remote Sensing and Spatial Information Sciences"}],"origin":[{"publisher":"Copernicus Publications","publisherPlace":"Katlenburg-Lindau","dateIssuedDisp":"[2011?]-"}],"disp":"The international archives of the photogrammetry, remote sensing and spatial information sciences","physDesc":[{"extent":"Online-Ressource"}],"dispAlt":"The International Archives of the Photogrammetry, Remote Sensing and Spatial Information Sciences","pubHistory":["2011 [?]-"],"corporate":[{"display":"International Society for Photogrammetry and Remote Sensing","role":"isb"}],"ga":1,"note":["Gesehen am 10.11.2016"],"type":{"bibl":"serial","media":"Online-Ressource"},"recId":"872241335"}],"origin":[{"publisher":"GITC","publisherPlace":"Lemmer","dateIssuedKey":"2010","dateIssuedDisp":"2010"}],"type":{"media":"Online-Ressource","bibl":"book"},"recId":"856705152","corporate":[{"role":"edt","display":"International Society for Photogrammetry and Remote Sensing"}],"person":[{"role":"edt","given":"Wolfgang","display":"Wagner, Wolfgang","family":"Wagner"}]} 
SRT |a 100YEARSISPRSADVANCIB.20102010